Search the Library Catalogue
| 000 -LEADER | |
|---|---|
| fixed length control field | 00702nam a2200205Ia 4500 |
| 008 - FIXED-LENGTH DATA ELEMENTS--GENERAL INFORMATION | |
| fixed length control field | 191130s2007##################000#0#eng## |
| 020 ## - INTERNATIONAL STANDARD BOOK NUMBER | |
| ISBN | 9780521108386 |
| 082 ## - DEWEY DECIMAL CLASSIFICATION NUMBER | |
| Classification number | 355.033041 PED |
| 100 ## - MAIN ENTRY--AUTHOR NAME | |
| Personal name | Peden, G. C |
| 245 ## - TITLE STATEMENT | |
| Title | Arms, economics and British strategy : from dreadnoughts to hyrdrogen bombs |
| Statement of responsibility, etc | G.C. Peden |
| 260 ## - PUBLICATION, DISTRIBUTION, ETC. (IMPRINT) | |
| Place of publication | Cambridge |
| Name of publisher | Cambridge Univeristy Press |
| Year of publication | 2007 |
| 300 ## - PHYSICAL DESCRIPTION | |
| Number of Pages | xiii, 384 p. ; 24 cm |
| 500 ## - GENERAL NOTE | |
| General note | Includes bibliographical references (p. 352-366) and index |
| 650 ## - SUBJECT ADDED ENTRY--TOPICAL TERM | |
| Topical Term | Great Britain - History, Military |
| Topical Term | Great Britain - Military policy |
| 991 ## - | |
| -- | 198945 |
| Withdrawn status | Lost status | Damaged status | Not for loan | Home library | Current library | Shelving location | Date acquired | Full call number | Accession Number | Price effective from | Koha item type |
|---|---|---|---|---|---|---|---|---|---|---|---|
| Anna Centenary Library | Anna Centenary Library | 4TH FLOOR, A WING | 17.10.2020 | 355.033041 PED | 197718 | 17.10.2020 | English Books | ||||
| Anna Centenary Library | Anna Centenary Library | 4TH FLOOR, A WING | 17.10.2020 | 355.033041 PED | 99201 | 17.10.2020 | English Books |